000 01888nam0a2200337 4500
001 RU\NLR\BIBL_A\022425571
005 20250627153254.0
021 _aRU
_bКН-П-24-072160
_9КН-П-24-7203
035 _a(NLR Aleph) 022425571
090 _a13445944
_c13445944
100 _a20250113d2024 u y0rusy50 ca
101 0 _arus
102 _aRU
105 _aa j 000yy
181 0 _ai3
_baxxe
182 0 _an
200 1 _aВторичные средства измерений температуры. Поверка и калибровка
_eучебное пособие
_fА. А. Зосен, Д. Е. Москвалев
_gАкадемия стандартизации, метрологии и сертификации
203 _aТекст
_bвизуальный
_cнепосредственный
210 _aМосква
_cАСМС
_d2024
215 _a39 с.
_cил.
_d21
300 _aНа обороте тит. л. авт.: А. А. Зосен, Д. Е. Москвалев, преподаватели
320 _aБиблиогр.: с. 38 (5 назв.)
606 1 _aТермометрия
_jУчебные издания для высших учебных заведений
_xАппараты и приборы
_xКалибровка
_91847703
_3RU\NLR\AUTH\661128391
606 1 _aТермометрия
_jУчебные издания для высших учебных заведений
_xАппараты и приборы
_xПоверка
_92406183
_3RU\NLR\AUTH\661433975
686 1 _aЗ322-5-082.01я73-1
700 1 _aЗосен
_bА. А.
_cпреподаватель, приборостроение
_gАнна Александровна
_92647823
_3RU\NLR\AUTH\770275856
701 0 _aМоскалев
_bД. Е.
_gДмитрий Евгеньевич
942 _cBOOK
980 _aNB